000 00568nam a22001937a 4500
005 20260511121720.0
008 260511b |||||||| |||| 00| 0 eng d
037 _cDSWL
040 _aDSWL
_cDSWL
041 _heng
084 _aY1.2 Q8
100 _aChattopadhyay, Sujit Kumar
_91238955
245 _aGender socialization and the making by gender in
260 _aNew Delhi,
_bSage Publication,
_c2018
300 _a273p
365 _aINR
_b895
942 _2CC
_cTEXL
_hY1.2 Q8
_n0
999 _c1851169
_d1851169